000 00542nam a22001937a 4500
003 IT-MiCISF
005 20201223143322.0
008 201223b ||||| |||| 00| 0 eng d
040 _cIT-MiCISF
041 _ait
100 _aSOS Ragazzi
_958679
245 _aTeoria gender. Come difendere i nostri figli
260 _aRoma
_bSOS Ragazzi
_c2019
300 _app. 87
500 _adifferenza-sessuale, educazione-bambini, onosessualità, transessualità
650 _asessualità
_956091
654 _adivulgazione
942 _2ddc
_cDD
999 _c359081
_d359081